000 00875nam a2200253 i 4500
001 bg
245 0 0 _aDeterminants of attitudes and behaviour of the decision-making entities /
_csci. ed. Danuta Kopycińska ; University of Szczecin. Microeconomics Department.
260 _aSzczecin :
_bPRINT GROUP Daniel Krzanowski,
_c2006.
300 _a234 s. :
_bwykr. ;
_c24 cm.
490 1 _aEconomics & Competition Policy. Monogrph ;
_vNo 5
500 _aStreszcz.
504 _aBibliogr. przy art.
650 9 _aKonsumenci (ekon.)
650 9 _aDecyzje
_xgospodarka
700 1 _aKOPYCIŃSKA, Danuta.
_eRed.
830 0 _aEconomics & Competition Policy.
_pMonogrph
020 _a8360065136
040 _cBPK
041 0 _aeng
080 _a658.1/.5:005.311.6:366.1](438)"1989/..."
920 _a83-60065-13-6
942 _cKS
008 s pl f |000 0 pol
999 _c53671
_d53671
856 _uhttp://koha.tu.koszalin.pl/cgi-bin/koha/opac-detail.pl?biblionumber=53671
_yKatalog online BPK